000 00546nam a2200193Ia 4500
003 OSt
005 20220926041330.0
006 a|||||r|||| 00| 0
007 ta
008 220923b |||||||| |||| 00| 0 eng d
037 _cGeneral Book
040 _aRTL
_cRTL
_beng
041 _2eng
_aeng
082 _aX9(J):31.2.N7, L5/TD
100 _aHANUMANTHA RAO H
_9344267
245 0 _aTechnological change and distribution of gains in
942 _hX9(J):31.2.N7, L5/TD
_cGB
_2CC
999 _c666969
_d666969